|
|
|
|
| LEADER |
01764nam a2200349 a 4500 |
| 001 |
7805 |
| 003 |
BD-DhAAL |
| 008 |
091102s2000 bg a b i000 0 eng d |
| 999 |
|
|
|c 5033
|d 5033
|
| 010 |
|
|
|a \\\00440698
|
| 020 |
|
|
|a 9840515322
|
| 020 |
|
|
|a 9789840515325
|
| 040 |
|
|
|a DLC
|c DLC
|d DLC
|d BD-DhAAL
|
| 082 |
0 |
0 |
|a 330.9549205
|
| 245 |
0 |
4 |
|a The common country assessment, Bangladesh.
|
| 260 |
|
|
|a Dhaka :
|b Published for the United Nations [by] University Press,
|c 2000.
|
| 300 |
|
|
|a xv, 152 pages :
|b illustrations ;
|c 25 cm.
|
| 504 |
|
|
|a Includes bibliographical references (pages [147]-152).
|
| 520 |
|
|
|a A joint exercise by UN agencies in Bangladesh to assess the development situation of the country.
|
| 526 |
|
|
|a BIED
|
| 541 |
1 |
|
|a Complimentary copy from BIED, Donated By Akbar Ali Khan (38673)
|e 7805, 35882, 38673
|
| 610 |
2 |
0 |
|a United Nations
|z Bangladesh.
|9 38356
|
| 650 |
|
|
|a Economics.
|9 48760
|
| 651 |
|
0 |
|a Bangladesh.
|9 38357
|
| 651 |
|
0 |
|a Bangladesh
|x Economic conditions.
|9 38358
|
| 651 |
|
0 |
|a Bangladesh
|x Social conditions.
|9 38359
|
| 710 |
2 |
|
|a United Nations.
|9 38360
|
| 852 |
4 |
|
|a Ayesha Abed Library
|c General Stacks
|
| 942 |
|
|
|2 ddc
|c BK
|
| 952 |
|
|
|0 0
|1 0
|2 ddc
|4 0
|6 330_954920500000000_COM_2000
|7 0
|9 4860
|a BRACUL
|b BRACUL
|c GEN
|d 2009-11-03
|g 250.00
|l 1
|o 330.9549205 COM
|p 3010007805
|r 2023-10-08
|s 2023-10-01
|t 1
|v 500.00
|w 2009-11-03
|y BK
|
| 952 |
|
|
|0 0
|1 0
|2 ddc
|4 0
|6 330_954920500000000_COM
|7 0
|9 67451
|a BRACUL
|b BRACUL
|c GEN
|d 2019-12-15
|e Complimentary copy from BIED
|l 0
|o 330.9549205 COM
|p 3010035882
|r 2019-12-15
|t 2
|w 2019-12-15
|y BK
|x Transferred from BIED to General Stacks
|
| 952 |
|
|
|0 0
|1 0
|2 ddc
|4 0
|6 330_954920500000000_COM
|7 1
|9 70723
|a BRACUL
|b BRACUL
|c AAKC
|d 2022-05-26
|e Donated by Akbar Ali Khan
|l 0
|o 330.9549205 COM
|p 3010038673
|r 2022-05-26
|t 3
|w 2022-05-26
|y BK
|